[Event "Open Plzen 2017"]
[Site "Plzen"]
[Date "2017.11.20"]
[Round "2"]
[White "Murray, Jim G"]
[Black "Kopriva, Martin"]
[Result "1/2-1/2"]
[WhiteElo "1874"]
[BlackElo "2084"]
[PlyCount "133"]
[EventDate "2017.11.19"]

1. d4 g6 2. c4 Bg7 3. Nc3 d6 4. e4 Nf6 5. Nf3 O-O 6. Be2 e5 7. dxe5 dxe5 8.
Qxd8 Rxd8 9. Bg5 Re8 10. Nd5 Nxd5 11. cxd5 h6 12. Be3 f5 13. Nd2 c6 14. Bc4 Kh7
15. f3 cxd5 16. Bxd5 Na6 17. a3 Nc7 18. Bb3 Bd7 19. Rc1 Bc6 20. O-O Rad8 21.
Rfe1 Nb5 22. Bc4 a6 23. Ba2 Nd4 24. Kf2 Ba4 25. b3 Bc6 26. exf5 gxf5 27. Bxd4
exd4 28. Bb1 d3 29. Kf1 Rxe1+ 30. Kxe1 Bb2 31. Rc5 Bxa3 32. Rxf5 Kg6 33. Rf4
Kg5 34. Rc4 Bb5 35. Rg4+ Kf6 36. Rh4 Kg5 37. Rg4+ Kf6 38. Rh4 Re8+ 39. Kd1 Re2
40. Ne4+ Ke5 41. Nc3 Rb2 42. Re4+ Kf5 43. Rd4 Ke5 44. Re4+ Kf6 45. Rf4+ Kg7 46.
Rg4+ Kh8 47. Ba2 Rf2 48. Re4 Rxg2 49. Nxb5 axb5 50. Bb1 d2 51. Bd3 Bc1 52. Be2
Rxh2 53. Re8+ Kg7 54. Re7+ Kf6 55. Rxb7 Rh1+ 56. Kc2 Re1 57. Bd1 Re5 58. Rb6+
Kg7 59. Rb7+ Kf8 60. Rb8+ Ke7 61. Rb6 h5 62. Rh6 Rf5 63. f4 Rxf4 64. Rxh5 b4
65. Rc5 Rf8 66. Rc4 Rb8 67. Be2 1/2-1/2

[Event "Open Plzen 2017"]
[Site "Plzen"]
[Date "2017.11.20"]
[Round "2"]
[White "Stock, Andreas"]
[Black "Vachal, Josef"]
[Result "1-0"]
[WhiteElo "2051"]
[BlackElo "1866"]
[PlyCount "71"]
[EventDate "2017.11.19"]

1. c4 {[%emt 0:00:00]} Nf6 2. Nc3 e6 3. e4 d5 4. e5 d4 5. exf6 dxc3 6. bxc3
Qxf6 7. d4 c5 8. Nf3 Nc6 9. Bg5 Qg6 10. Bd3 Qh5 11. d5 Ne5 12. Nxe5 Qxg5 13.
Qa4+ Ke7 14. d6+ Kf6 15. f4 Qxg2 16. O-O-O Bxd6 17. Rhg1 Qh3 18. Rg3 Qh4 19.
Rf1 Bxe5 20. fxe5+ Ke7 21. Qb5 b6 22. Qc6 Qh6+ 23. Kb1 Bd7 24. Rxf7+ Kxf7 25.
Qxd7+ Kg8 26. Rf3 Rf8 27. Rxf8+ Kxf8 28. Qd8+ Kf7 29. Qxh8 Qxh2 30. Qb8 Qd2 31.
Qxa7+ Ke8 32. Qb8+ Kd7 33. Qd6+ Kc8 34. Qc6+ Kd8 35. Qxb6+ Ke7 36. Qd6+ 1-0

[Event "Open Plzen 2017"]
[Site "Plzen"]
[Date "2017.11.20"]
[Round "2"]
[White "Kubat, Miroslav"]
[Black "Ornet, Tomas"]
[Result "1/2-1/2"]
[WhiteElo "2002"]
[BlackElo "1637"]
[PlyCount "62"]
[EventDate "2017.11.19"]

1. e4 e5 2. f4 exf4 3. Nf3 d6 4. Bc4 Be6 5. Qe2 Bxc4 6. Qxc4 Nd7 7. d4 g5 8. h4
g4 9. Ng5 Nh6 10. Bxf4 Nb6 11. Qe2 Qd7 12. e5 O-O-O 13. O-O Bg7 14. Nc3 dxe5
15. dxe5 Rhe8 16. Rad1 Qf5 17. Bg3 Rxd1 18. Qxd1 Qg6 19. Nd5 Nxd5 20. Qxd5 Nf5
21. Rd1 Qc6 22. Qxf7 Nxg3 23. Qxg7 Ne2+ 24. Kh1 Qb5 25. Ne4 h5 26. Nf6 Ng3+ 27.
Kh2 Nf5 28. Qf7 Qxe5+ 29. Kh1 Ng3+ 30. Kg1 Ne2+ 31. Kh1 Ng3+ 1/2-1/2

[Event "Open Plzen 2017"]
[Site "Plzen"]
[Date "2017.11.20"]
[Round "2"]
[White "Prachar, Josef"]
[Black "Krisman, Ondrej"]
[Result "1-0"]
[WhiteElo "1834"]
[BlackElo "1590"]
[PlyCount "63"]
[EventDate "2017.11.19"]

1. d4 d5 2. c4 e6 3. Nc3 Nf6 4. cxd5 exd5 5. Bg5 Bb4 6. Qc2 O-O 7. e3 Nbd7 8.
Bd3 h6 9. Bh4 c5 10. Nge2 c4 11. Bf5 Qe8 12. O-O a6 13. Bxd7 Qxd7 14. Bxf6 gxf6
15. Nf4 Bxc3 16. bxc3 f5 17. Qe2 Qd8 18. a4 b6 19. Rfb1 Bb7 20. Qb2 Qd7 21.
Qxb6 Bc6 22. Qa5 Rfb8 23. Rb4 Rxb4 24. Qxb4 a5 25. Qb6 Kg7 26. h3 Ra7 27. Qc5
Rb7 28. Qxa5 Ra7 29. Qc5 Qb7 30. Qd6 Ra6 31. Nh5+ Kh7 32. Qf6 1-0

[Event "Open Plzen 2017"]
[Site "Plzen"]
[Date "2017.11.20"]
[Round "2"]
[White "Daly, Patrick"]
[Black "Wrzecionko, David"]
[Result "1-0"]
[WhiteElo "1793"]
[BlackElo "1570"]
[PlyCount "45"]
[EventDate "2017.11.19"]

1. d4 b5 2. Nf3 Bb7 3. Bf4 Nf6 4. e3 a6 5. Nbd2 e6 6. Bd3 c5 7. c3 c4 8. Bc2
Be7 9. O-O Nh5 10. Bg3 Nxg3 11. fxg3 d6 12. e4 O-O 13. e5 Nd7 14. exd6 Bxd6 15.
Qe2 Nf6 16. Ne5 Ne8 17. Bxh7+ Kxh7 18. Qh5+ Kg8 19. Nxf7 Rxf7 20. Qxf7+ Kh8 21.
Qxb7 Nf6 22. Rae1 Qg8 23. Ne4 1-0

[Event "Open Plzen 2017"]
[Site "Plzen"]
[Date "2017.11.20"]
[Round "2"]
[White "Pelikan, Jaromir"]
[Black "Novy, Jan"]
[Result "1-0"]
[WhiteElo "1783"]
[BlackElo "1522"]
[PlyCount "90"]
[EventDate "2017.11.19"]

1. d4 e5 2. d5 a6 3. e4 b5 4. a4 b4 5. Nf3 d6 6. c3 bxc3 7. Nxc3 Nd7 8. Be2 Be7
9. O-O Ngf6 10. h3 Nc5 11. Qc2 O-O 12. b4 Ncd7 13. Be3 Bb7 14. Rfd1 c6 15. Bc4
Rc8 16. Qd3 c5 17. b5 Nb6 18. bxa6 Ba8 19. a5 Nxc4 20. Qxc4 Rb8 21. Rdb1 Rxb1+
22. Nxb1 Qc7 23. Nc3 Rb8 24. Nb5 Qd7 25. Nc3 Rb4 26. Qd3 h6 27. Nh4 Bf8 28. Nf5
Kh7 29. Bd2 g6 30. Ne3 Nh5 31. Nc4 Nf4 32. Qf1 Qc8 33. Nb6 Qe8 34. g3 Nh5 35.
Qe2 Nf6 36. f3 Nd7 37. Nb5 Nxb6 38. Bxb4 cxb4 39. axb6 Qb8 40. b7 Bxb7 41. axb7
Qxb7 42. Kg2 Kg7 43. Qc4 Qb6 44. Qxb4 Qe3 45. Qe1 Qd3 1-0

[Event "Open Plzen 2017"]
[Site "Plzen"]
[Date "2017.11.20"]
[Round "2"]
[White "Berka, Lubos"]
[Black "Kotesovec, Jaroslav"]
[Result "1-0"]
[WhiteElo "1760"]
[BlackElo "1502"]
[PlyCount "49"]
[EventDate "2017.11.19"]

1. e4 {[%emt 0:00:00]} e5 2. Nc3 Nf6 3. Bc4 Nc6 4. d3 Bb4 5. Nge2 Nd4 6. O-O h6
7. h3 c6 8. a3 Ba5 9. Ba2 d5 10. exd5 cxd5 11. Nxd4 exd4 12. Ne2 Bb6 13. Bf4
O-O 14. Be5 Be6 15. Nxd4 Bxd4 16. Bxd4 b6 17. b4 Rc8 18. Bb3 Re8 19. Re1 Nh7
20. Qf3 Qg5 21. Re5 Qg6 22. Rae1 Ng5 23. Qg3 f6 24. Rxe6 Rxe6 25. Rxe6 1-0

[Event "Open Plzen 2017"]
[Site "Plzen"]
[Date "2017.11.20"]
[Round "2"]
[White "Zoubek, Vladimir"]
[Black "Aird, Ian"]
[Result "0-1"]
[WhiteElo "1543"]
[BlackElo "1738"]
[PlyCount "72"]
[EventDate "2017.11.19"]

1. Nf3 {[%emt 0:00:00]} Nf6 2. g3 d5 3. Bg2 Bf5 4. O-O e6 5. d3 h6 6. Re1 Be7
7. Nc3 Bh7 8. Bd2 O-O 9. e3 c5 10. b3 Nc6 11. d4 a6 12. a4 Nb4 13. Rc1 Qc7 14.
Ne5 Bd6 15. f4 Qb6 16. Ne2 Bxe5 17. fxe5 Ne4 18. Bxb4 cxb4 19. c4 bxc3 20. Bxe4
Bxe4 21. Nxc3 Bg6 22. Rf1 Rac8 23. Rf2 Rc6 24. Na2 Rfc8 25. Rxc6 Rxc6 26. h4
Qc7 27. Rd2 Bc2 28. Rxc2 Rxc2 29. Qb1 Rc6 30. Kh2 Qa5 31. Qd1 Qc7 32. Kh3 a5
33. Qb1 Rc2 34. Kg4 Rf2 35. b4 Qc2 36. Qe1 Qf5# 0-1

[Event "Open Plzen 2017"]
[Site "Plzen"]
[Date "2017.11.20"]
[Round "2"]
[White "Chudek, Lubomir"]
[Black "Stocek, Jiri"]
[Result "1-0"]
[WhiteElo "1731"]
[BlackElo "1299"]
[PlyCount "56"]
[EventDate "2017.11.19"]

1. e4 e5 2. Nf3 Nc6 3. Bc4 d6 4. c3 Nf6 5. Ng5 d5 6. exd5 Nxd5 7. d4 f6 8. Qf3
Nce7 9. Ne4 Be6 10. dxe5 Nc6 11. exf6 Ne5 12. Qh5+ Nf7 13. fxg7 Bxg7 14. O-O b6
15. Ng5 Qd7 16. Nxe6 Qxe6 17. Bxd5 Qg6 18. Qxg6 hxg6 19. Bxa8 O-O 20. Bd5 c5
21. Nd2 Kh8 22. Bxf7 Rxf7 23. Nf3 Bf8 24. Bg5 Bd6 25. Rfd1 Bc7 26. Rd5 Rh7 27.
Rad1 a5 28. Rd7 Bxh2+ 1-0

[Event "Open Plzen 2017"]
[Site "Plzen"]
[Date "2017.11.21"]
[Round "3"]
[White "Barthel, Ansgar"]
[Black "Stella, Andrea"]
[Result "0-1"]
[WhiteElo "2202"]
[BlackElo "2506"]
[PlyCount "74"]
[EventDate "2017.11.19"]

1. e4 e6 2. d4 d5 3. Nc3 Nf6 4. e5 Nfd7 5. f4 c5 6. Nf3 Nc6 7. Be3 cxd4 8. Nxd4
Bc5 9. Qd2 O-O 10. O-O-O a6 11. h4 Nxd4 12. Bxd4 b5 13. h5 Bb7 14. h6 g6 15.
Kb1 b4 16. Na4 Bxd4 17. Qxd4 Bc6 18. Nc5 a5 19. Nxd7 Qxd7 20. Bd3 Rac8 21. g4
Bb5 22. f5 Bxd3 23. Qxd3 Qc7 24. Rc1 a4 25. fxe6 fxe6 26. Qd4 a3 27. Rh2 axb2
28. Qxb2 Rf4 29. g5 Qc3 {[%emt 0:00:00]} 30. Re2 Ra8 31. Ree1 Rf5 32. Rcd1 Rxg5
33. Re2 Rf5 34. Qxc3 bxc3 35. Re3 Ra3 36. Ka1 Rf8 37. Rb1 Rfa8 0-1

[Event "Open Plzen 2017"]
[Site "Plzen"]
[Date "2017.11.21"]
[Round "3"]
[White "Plischki, Sebastian"]
[Black "Csiki, Endre"]
[Result "1/2-1/2"]
[WhiteElo "2395"]
[BlackElo "2084"]
[PlyCount "71"]
[EventDate "2017.11.19"]

1. Nf3 {[%emt 0:00:00]} c5 2. c4 Nc6 3. d4 cxd4 4. Nxd4 e6 5. Nc3 Bc5 6. Nb3
Bb4 7. g3 Nge7 8. Bg2 d5 9. cxd5 exd5 10. O-O Bxc3 11. bxc3 O-O 12. Ba3 Re8 13.
e3 Be6 14. Nc5 Qc7 15. Rb1 Rab8 16. Qa4 Nc8 17. Na6 bxa6 18. Rxb8 Qxb8 19. Qxc6
Nb6 20. Bd6 Qc8 21. Qc5 Qd7 22. Be5 Rc8 23. Qb4 Nc4 24. Bd4 a5 25. Qb3 Nd2 26.
Qa3 Nxf1 27. Bxf1 Rb8 28. Bd3 Bf5 29. Bxa7 Rb7 30. Bxf5 Qxf5 31. Qxa5 Rb1+ 32.
Kg2 Qe4+ 33. Kh3 Qf5+ 34. Kg2 Qe4+ 35. Kh3 Qf5+ 36. Kg2 1/2-1/2

[Event "Open Plzen 2017"]
[Site "Plzen"]
[Date "2017.11.21"]
[Round "3"]
[White "Chudinovskikh, Alexander M"]
[Black "Stock, Andreas"]
[Result "1-0"]
[WhiteElo "2219"]
[BlackElo "2051"]
[PlyCount "71"]
[EventDate "2017.11.19"]

1. e4 c5 2. Nf3 Nc6 3. Bb5 g6 4. O-O Bg7 5. c3 Nf6 6. Re1 O-O 7. h3 d6 8. d4
cxd4 9. cxd4 d5 10. e5 Ne4 11. Nc3 Nxc3 12. bxc3 Bd7 13. a4 Rc8 14. Ba3 a6 15.
Bxc6 Rxc6 16. Qd2 Bc8 17. a5 Re8 18. Bc5 h6 19. Bb6 Qd7 20. Re3 h5 21. Re2 e6
22. g4 hxg4 23. hxg4 Qe7 24. g5 Bd7 25. Nh2 Rec8 26. Rc1 Kh7 27. Ng4 Rh8 28.
Kg2 Kg8 29. Nf6+ Bxf6 30. gxf6 Qf8 31. Rh1 Rxh1 32. Kxh1 Rc4 33. f3 Ra4 34. Rh2
Ra1+ 35. Kg2 Bb5 36. Bc5 1-0

[Event "Open Plzen 2017"]
[Site "Plzen"]
[Date "2017.11.21"]
[Round "3"]
[White "Hajek, Jiri"]
[Black "Burnett, Andrew"]
[Result "0-1"]
[WhiteElo "2042"]
[BlackElo "2208"]
[PlyCount "64"]
[EventDate "2017.11.19"]

1. e4 c5 2. Nf3 d6 3. Bb5+ Nd7 4. d4 cxd4 5. Qxd4 e5 6. Qd3 a6 7. Bxd7+ Bxd7 8.
O-O h6 9. Be3 Nf6 10. Nc3 Be7 11. a4 Rc8 12. a5 Be6 13. Nd2 d5 14. Bb6 dxe4 15.
Qxd8+ Bxd8 16. Bxd8 Kxd8 17. Ndxe4 Nxe4 18. Nxe4 f5 19. Nc3 Rc5 20. Rfe1 Ke7
21. Na4 Rxa5 22. b4 Rb5 23. Nc5 Kf6 24. Rad1 Re8 25. Rd6 a5 26. c4 Rxb4 27. Nd3
Rxc4 28. Rxe5 Rc1+ 29. Nxc1 Kxe5 30. Rd2 Rc8 31. Nd3+ Kf6 32. f4 Rd8 0-1

[Event "Open Plzen 2017"]
[Site "Plzen"]
[Date "2017.11.21"]
[Round "3"]
[White "Eret, Jonas"]
[Black "Hodan, Jiri"]
[Result "1-0"]
[WhiteElo "2205"]
[BlackElo "1917"]
[PlyCount "149"]
[EventDate "2017.11.19"]

1. d4 Nf6 2. Nf3 g6 3. Bf4 Bg7 4. e3 d6 5. c3 O-O 6. h3 Nfd7 7. Be2 e5 8. Bh2
f5 9. Na3 c6 10. Nc4 Qe7 11. dxe5 dxe5 12. Qd6 Re8 13. Qxe7 Rxe7 14. Nd6 Nb6
15. Nxc8 Nxc8 16. Bc4+ Kh8 17. O-O-O Nd7 18. Nxe5 Bxe5 19. Rxd7 Bxh2 20. Rd8+
Kg7 21. Rxh2 Nb6 22. Rxa8 Nxa8 23. Rh1 Nb6 24. Bb3 Kf6 25. Rd1 Nd7 26. Rd4 Nc5
27. Bc2 Ne4 28. Bxe4 fxe4 29. c4 Kf5 30. Kd2 h5 31. Kc3 g5 32. Rd8 g4 33. hxg4+
hxg4 34. Rf8+ Ke5 35. Kd2 b5 36. cxb5 cxb5 37. Rf4 Rd7+ 38. Kc2 Rg7 39. Kb3 a5
40. a4 b4 41. Rf8 g3 42. f4+ exf3 43. Rxf3 Rg4 44. Kc2 Rc4+ 45. Kd3 Rg4 46. Rf8
b3 47. e4 Rh4 48. Rf5+ Ke6 49. Rg5 Rf4 50. Rxg3 Rf2 51. Kc3 Re2 52. Kxb3 Rxe4
53. Rg5 Kd6 54. Rxa5 Rg4 55. Rb5 Kc6 56. Rb4 Rg3+ 57. Ka2 Rxg2 58. Ka3 Rg5 59.
Rb8 Rg4 60. a5 Rh4 61. b4 Kc7 62. Rb6 Rh3+ 63. Ka4 Rh5 64. Rg6 Rh7 65. a6 Kb8
66. Ka5 Ka8 67. b5 Rh8 68. Rc6 Kb8 69. Rc5 Rh1 70. b6 Ra1+ 71. Kb5 Rb1+ 72. Kc6
Ra1 73. a7+ Ka8 74. b7+ Kxa7 75. Kc7 1-0

[Event "Open Plzen 2017"]
[Site "Plzen"]
[Date "2017.11.21"]
[Round "3"]
[White "Murray, Jim G"]
[Black "Jurek, Josef"]
[Result "0-1"]
[WhiteElo "1874"]
[BlackElo "2265"]
[PlyCount "82"]
[EventDate "2017.11.19"]

1. e4 c5 2. Nf3 Nc6 3. g3 Nf6 4. d3 d5 5. e5 Ng4 6. Bf4 g5 7. Nxg5 Ngxe5 8.
Bxe5 Nxe5 9. f4 h6 10. Nf3 Ng4 11. d4 Bg7 12. Qd2 Qb6 13. c3 Bf5 14. h3 Qe6+
15. Qe2 Ne3 16. Na3 c4 17. Kf2 Nxf1 18. Qxe6 Bxe6 19. Raxf1 Bf5 20. g4 Be4 21.
Rhg1 b5 22. Nb1 a5 23. Ne5 f6 24. Nf3 O-O 25. Ke3 b4 26. h4 Rab8 27. Rf2 e5 28.
f5 Rfe8 29. dxe5 fxe5 30. g5 hxg5 31. Nxg5 Bxb1 32. Ne6 Rxe6 33. fxe6 d4+ 34.
Ke2 Bd3+ 35. Kd2 bxc3+ 36. Kc1 Kh7 37. e7 Bh6+ 38. Rg5 Bxg5+ 39. hxg5 Kg6 40.
Kd1 c2+ 41. Kc1 Rh8 0-1

[Event "Open Plzen 2017"]
[Site "Plzen"]
[Date "2017.11.21"]
[Round "3"]
[White "Kopriva, Martin"]
[Black "Hlozek, David"]
[Result "1/2-1/2"]
[WhiteElo "2084"]
[BlackElo "1855"]
[PlyCount "54"]
[EventDate "2017.11.19"]

1. e4 c5 2. d4 cxd4 3. Nf3 d6 4. Qxd4 Nc6 5. Bb5 Bd7 6. Bxc6 Bxc6 7. Nc3 h6 8.
h4 e5 9. Qd3 Nf6 10. Be3 Be7 11. O-O-O O-O 12. Nh2 b5 13. g4 b4 14. Nd5 Nxd5
15. exd5 Bd7 16. Rdg1 Qa5 17. g5 h5 18. g6 Qxa2 19. Nf3 f5 20. Nh2 e4 21. Qe2
Be8 22. Qxh5 Bxg6 23. Rxg6 Qa1+ 24. Kd2 Qxh1 25. Rxg7+ Kxg7 26. Qh6+ Kf7 27.
Qh5+ Kg7 1/2-1/2

[Event "Open Plzen 2017"]
[Site "Plzen"]
[Date "2017.11.21"]
[Round "3"]
[White "Belus, Benjamin"]
[Black "Malinovsky, Petr"]
[Result "0-1"]
[WhiteElo "1953"]
[BlackElo "1996"]
[PlyCount "72"]
[EventDate "2017.11.19"]

1. Nf3 d5 2. g3 e6 3. Bg2 f5 4. O-O Bd6 5. c4 c6 6. cxd5 exd5 7. d3 Nf6 8. Nbd2
O-O 9. Nd4 f4 10. N2f3 fxg3 11. fxg3 a6 12. Nh4 Bc5 13. e3 Bg4 14. Qb3 Qb6 15.
Qxb6 Bxb6 16. Nhf5 Nbd7 17. h3 Bxf5 18. Nxf5 Rae8 19. Bd2 g6 20. Nd4 Ne5 21.
Nb3 Nxd3 22. Na5 Bxe3+ 23. Bxe3 Rxe3 24. Nxb7 Ne4 25. Rxf8+ Kxf8 26. Nd8 c5 27.
Ne6+ Ke7 28. Nc7 Kd6 29. Nxa6 Nxb2 30. a4 d4 31. Ra2 Nc4 32. Rc2 d3 33. Bxe4
Rxe4 34. Nxc5 Kxc5 35. Rc3 d2 36. Rd3 Re1+ 0-1

[Event "Open Plzen 2017"]
[Site "Plzen"]
[Date "2017.11.21"]
[Round "3"]
[White "Bartos, Jan"]
[Black "Kalveus, Jan"]
[Result "1-0"]
[WhiteElo "2227"]
[BlackElo "1849"]
[PlyCount "67"]
[EventDate "2017.11.19"]

1. d4 Nf6 2. c4 e6 3. g3 d5 4. Nf3 Ne4 5. Bg2 c6 6. O-O Bd6 7. Nbd2 Nxd2 8.
Nxd2 O-O 9. e4 dxe4 10. Nxe4 Be7 11. Bf4 b6 12. c5 Ba6 13. Re1 Bc4 14. Bd6 Bd5
15. Bxe7 Qxe7 16. Nd6 bxc5 17. dxc5 Qf6 18. Bxd5 exd5 19. Qa4 a6 20. Re2 Ra7
21. Rae1 Rd7 22. Qb4 h5 23. Ne8 Qd8 24. Qd4 f6 25. Re6 Rff7 26. Nxf6+ Rxf6 27.
Re8+ Rf8 28. Rxd8 Rfxd8 29. Re5 Rf7 30. Rxh5 Rf6 31. Qe5 d4 32. Qc7 Rdf8 33.
Qe7 Rxf2 34. Qe6+ 1-0

[Event "Open Plzen 2017"]
[Site "Plzen"]
[Date "2017.11.21"]
[Round "3"]
[White "Wiley, Thomas"]
[Black "Prachar, Josef"]
[Result "1-0"]
[WhiteElo "2117"]
[BlackElo "1834"]
[PlyCount "61"]
[EventDate "2017.11.19"]

1. d4 Nf6 2. c4 g6 3. Nc3 Bg7 4. e4 d6 5. Nf3 O-O 6. Be2 Nbd7 7. Be3 c6 8. Qc2
a6 9. a3 e5 10. d5 Ng4 11. Bg5 Qb6 12. O-O f6 13. Bh4 g5 14. Bg3 Nh6 15. Rfd1
c5 16. Bd3 Nf7 17. Rab1 Qd8 18. b4 b6 19. Nd2 Nh8 20. Nf1 Ng6 21. Ne3 h5 22. f3
h4 23. Bf2 Nf4 24. Bf1 Rf7 25. g3 hxg3 26. hxg3 Ng6 27. Bh3 Ndf8 28. Bxc8 Qxc8
29. bxc5 bxc5 30. Nf5 Qd7 31. Rb6 1-0

[Event "Open Plzen 2017"]
[Site "Plzen"]
[Date "2017.11.21"]
[Round "3"]
[White "Aird, Ian"]
[Black "Ryabov, Igor"]
[Result "1/2-1/2"]
[WhiteElo "1738"]
[BlackElo "1952"]
[PlyCount "64"]
[EventDate "2017.11.19"]

1. c4 e6 2. Nc3 Bb4 3. Qc2 Nc6 4. Nf3 Nf6 5. a3 Bxc3 6. Qxc3 d6 7. g3 Qe7 8.
Bg2 e5 9. b4 O-O 10. Bb2 Ne4 11. Qc2 f5 12. O-O Bd7 13. d4 exd4 14. Nxd4 a6 15.
Rad1 Rae8 16. Nf3 Be6 17. Nd4 Nxd4 18. Rxd4 c5 19. Rd3 cxb4 20. axb4 Rc8 21.
Rd4 b5 22. Bxe4 fxe4 23. Qxe4 Rxc4 24. Rxc4 bxc4 25. Rd1 Qf7 26. Qf4 Qxf4 27.
gxf4 d5 28. Be5 Rc8 29. Bc3 Rc6 30. f3 g6 31. Kf2 Kf8 32. e4 dxe4 1/2-1/2

[Event "Open Plzen 2017"]
[Site "Plzen"]
[Date "2017.11.21"]
[Round "3"]
[White "Kalinowska, Zuzanna"]
[Black "Berka, Lubos"]
[Result "1-0"]
[WhiteElo "1948"]
[BlackElo "1760"]
[PlyCount "53"]
[EventDate "2017.11.19"]

1. d4 {[%emt 0:00:00]} Nf6 2. c4 g6 3. Nc3 d5 4. cxd5 Nxd5 5. e4 Nxc3 6. bxc3
Bg7 7. Nf3 c5 8. Be3 Qa5 9. Qd2 Nc6 10. Rc1 Bg4 11. d5 Ne5 12. Nxe5 Bxe5 13. f3
Bd7 14. Be2 O-O 15. O-O Rac8 16. f4 Bb8 17. e5 Rfd8 18. Bf3 f6 19. e6 Bxe6 20.
Qb2 Bd7 21. d6 exd6 22. Bd5+ Kf8 23. f5 Bxf5 24. g4 Bd3 25. Bh6+ Ke8 26. Rce1+
Kd7 27. Qxb7+ 1-0

[Event "Open Plzen 2017"]
[Site "Plzen"]
[Date "2017.11.21"]
[Round "3"]
[White "Leseticky, Vladimir"]
[Black "Kejzlar, Lubos"]
[Result "1/2-1/2"]
[WhiteElo "1720"]
[BlackElo "1946"]
[PlyCount "78"]
[EventDate "2017.11.19"]

1. e4 g6 2. Bc4 Bg7 3. Nf3 d6 4. c3 Nf6 5. d3 O-O 6. O-O a6 7. a4 b6 8. Bg5 h6
9. Bd2 Nbd7 10. Qc1 Kh7 11. Re1 Bb7 12. Bf4 Nh5 13. d4 e5 14. dxe5 dxe5 15. Be3
Bxe4 16. Bg5 f6 17. Rxe4 hxg5 18. b4 Qe7 19. h4 gxh4 20. Rxh4 Bh6 21. Qc2 f5
22. Nbd2 e4 23. Re1 Qf6 24. Nxe4 fxe4 25. Rhxe4 Ng7 26. Re7 Rad8 27. R1e6 Qf5
28. Bd3 Qxe6 29. Rxe6 Nxe6 30. Bxg6+ Kg7 31. Nh4 Rf6 32. Bf5 Bf4 33. Bxe6 Rxe6
34. g3 Bd6 35. Qf5 Rf6 36. Qg5+ Kf7 37. Qh5+ Ke6 38. Qg4+ Kf7 39. Qh5+ Ke6
1/2-1/2

[Event "Open Plzen 2017"]
[Site "Plzen"]
[Date "2017.11.21"]
[Round "3"]
[White "Basson, Heinrich"]
[Black "Chudek, Lubomir"]
[Result "1-0"]
[WhiteElo "1939"]
[BlackElo "1731"]
[PlyCount "47"]
[EventDate "2017.11.19"]

1. d4 {[%emt 0:00:00]} Nf6 2. Bf4 g6 3. Nc3 Bg7 4. e4 d6 5. Qd2 O-O 6. Nf3 Nbd7
7. O-O-O c5 8. Bh6 cxd4 9. Nxd4 Bxh6 10. Qxh6 Qb6 11. f3 Nc5 12. h4 Ne6 13. Nb3
Kh8 14. h5 g5 15. Nd5 Nxd5 16. exd5 Qe3+ 17. Kb1 f5 18. dxe6 Rf6 19. Qxf6+ exf6
20. Bc4 Qf4 21. Bd5 Rb8 22. Rhe1 Kg7 23. Nd4 Kh6 24. g3 1-0

[Event "Open Plzen 2017"]
[Site "Plzen"]
[Date "2017.11.21"]
[Round "3"]
[White "Paldus, Petr"]
[Black "Macho, Miloslav"]
[Result "1-0"]
[WhiteElo "1928"]
[BlackElo "1720"]
[PlyCount "45"]
[EventDate "2017.11.19"]

1. e4 e5 2. Nf3 Nc6 3. Bc4 Nf6 4. d3 Be7 5. Nc3 d6 6. O-O Bg4 7. h3 Bh5 8. Nd5
Nd4 9. g4 Bg6 10. Nxd4 exd4 11. f4 h5 12. Nxe7 Qxe7 13. g5 Nd7 14. f5 Bh7 15.
Qxh5 O-O-O 16. Qxf7 Qxf7 17. Bxf7 Bg8 18. Bxg8 Rdxg8 19. Kg2 Ne5 20. Kg3 Kd7
21. Bf4 Rh5 22. Bxe5 dxe5 23. h4 1-0

[Event "Open Plzen 2017"]
[Site "Plzen"]
[Date "2017.11.21"]
[Round "3"]
[White "Stanislowski, Detlev"]
[Black "Nechutny, Michal"]
[Result "1/2-1/2"]
[WhiteElo "1954"]
[BlackElo "1674"]
[PlyCount "65"]
[EventDate "2017.11.19"]

1. c4 e5 2. Nc3 Nf6 3. e4 Nc6 4. g3 Bc5 5. Bg2 d6 6. Nge2 Be6 7. d3 O-O 8. O-O
h6 9. Nd5 Nd4 10. b4 Nxe2+ 11. Qxe2 Bd4 12. Bb2 Bxb2 13. Qxb2 Nd7 14. Ne3 c6
15. d4 f6 16. d5 cxd5 17. cxd5 Bf7 18. Rfc1 Nb6 19. a4 Rc8 20. a5 Na8 21. Rxc8
Qxc8 22. Rc1 Qd7 23. Qc3 Bg6 24. f3 Rf7 25. Qc8+ Qxc8 26. Rxc8+ Rf8 27. Bh3
Rxc8 28. Bxc8 b5 29. Kf2 Nc7 30. Ke2 Kf8 31. Kd2 a6 32. Ng2 Bh7 33. g4 1/2-1/2

[Event "Open Plzen 2017"]
[Site "Plzen"]
[Date "2017.11.21"]
[Round "3"]
[White "Kotesovec, Jaroslav"]
[Black "Ruzicka, Vaclav"]
[Result "1-0"]
[WhiteElo "1502"]
[BlackElo "1571"]
[PlyCount "67"]
[EventDate "2017.11.19"]

1. e4 {[%emt 0:00:00]} c6 2. e5 d5 3. d4 Bf5 4. Nf3 h6 5. c4 e6 6. Nc3 a6 7.
Be2 Ne7 8. O-O dxc4 9. Bxc4 Nd5 10. Nxd5 cxd5 11. Bb3 Be7 12. Ba4+ b5 13. Bc2
Bxc2 14. Qxc2 O-O 15. Be3 Nd7 16. Rac1 Rc8 17. Qd2 Kh7 18. h3 f6 19. exf6 Bxf6
20. Nh2 Be7 21. Ng4 Bd6 22. Bxh6 Rg8 23. Rxc8 Qxc8 24. Bxg7 Kxg7 25. Qg5+ Kf8
26. Qh6+ Ke8 27. Qxe6+ Kd8 28. Qxg8+ Nf8 29. Qxd5 Qd7 30. Nf6 Qc7 31. Ne4 Kd7
32. Qxd6+ Qxd6 33. Nxd6 Kxd6 34. f3 1-0

[Event "Open Plzen 2017"]
[Site "Plzen"]
[Date "2017.11.22"]
[Round "4"]
[White "Stella, Andrea"]
[Black "Eret, Jonas"]
[Result "1/2-1/2"]
[WhiteElo "2506"]
[BlackElo "2205"]
[PlyCount "116"]
[EventDate "2017.11.19"]

1. d4 d6 2. g3 e5 3. dxe5 dxe5 4. Qxd8+ Kxd8 5. Nc3 c6 6. f4 exf4 7. Bxf4 Nf6
8. O-O-O+ Ke8 9. Nf3 Bb4 10. Bd2 Na6 11. a3 Be7 12. Bg2 Ng4 13. Rhf1 f6 14. h3
Ne5 15. Nxe5 fxe5 16. Ne4 Nc7 17. Nf2 Nb5 18. Nd3 Bf6 19. g4 h6 20. Kb1 a5 21.
a4 Nd6 22. b3 Kd7 23. h4 Re8 24. Bxh6 e4 25. Nc5+ Kc7 26. Bf4 Be5 27. Nxe4 Nxe4
28. Bxe4 Bxg4 29. Bxe5+ Rxe5 30. Rf7+ Kb6 31. Bf3 Bxf3 32. exf3 Rh5 33. Rdd7
Rb8 34. Rxg7 Rxh4 35. Rgf7 Ka6 36. Rc7 Kb6 37. Kb2 Rh3 38. Rce7 Rg3 39. Kc3 Kc5
40. Re5+ Kb6 41. Kc4 Rg2 42. c3 Rd2 43. Re4 Rf2 44. Rd4 Re8 45. Rdd7 Rb8 46. f4
Ka6 47. b4 Ra2 48. Kb3 Rf2 49. Rf5 axb4 50. cxb4 Rf3+ 51. Kc4 Kb6 52. b5 Ra8
53. Kb4 c5+ 54. Rxc5 Rxf4+ 55. Rc4 Rxc4+ 56. Kxc4 Rxa4+ 57. Kb3 Ra5 58. Kc4
Ra4+ 1/2-1/2

[Event "Open Plzen 2017"]
[Site "Plzen"]
[Date "2017.11.22"]
[Round "4"]
[White "Burnett, Andrew"]
[Black "Chudinovskikh, Alexander M"]
[Result "1-0"]
[WhiteElo "2208"]
[BlackElo "2219"]
[PlyCount "75"]
[EventDate "2017.11.19"]

1. d4 Nf6 2. Nf3 e6 3. Bf4 b6 4. e3 Bb7 5. Nbd2 Be7 6. h3 c5 7. Bd3 O-O 8. O-O
d6 9. Re1 Nc6 10. Bh2 Rc8 11. c3 Re8 12. Qe2 Bf8 13. Rad1 cxd4 14. exd4 Qc7 15.
Ng5 g6 16. Nge4 Nxe4 17. Nxe4 Kg7 18. g4 h6 19. g5 hxg5 20. Nxg5 Nd8 21. Qg4 f5
22. Qh4 Kg8 23. Bc4 Qd7 24. Bb3 Rc7 25. Re3 Bd5 26. Bxd5 exd5 27. Rde1 Rxe3 28.
Rxe3 a5 29. Bf4 b5 30. Qg3 Rc6 31. Qg2 Nf7 32. Qxd5 Rb6 33. Kg2 Qb7 34. Qxb7
Rxb7 35. Ne6 Bh6 36. Bxh6 Nxh6 37. Rg3 Kh7 38. Nf8+ 1-0

[Event "Open Plzen 2017"]
[Site "Plzen"]
[Date "2017.11.22"]
[Round "4"]
[White "Malinovsky, Petr"]
[Black "Plischki, Sebastian"]
[Result "0-1"]
[WhiteElo "1996"]
[BlackElo "2395"]
[PlyCount "130"]
[EventDate "2017.11.19"]

1. d4 Nf6 2. c4 e6 3. Nc3 Bb4 4. Bg5 c5 5. d5 d6 6. e3 Bxc3+ 7. bxc3 Qe7 8. Bd3
Nbd7 9. Nf3 h6 10. Bh4 Nb6 11. O-O g5 12. Bg3 e5 13. Nd2 h5 14. h4 Ng4 15. hxg5
h4 16. Bh2 Qxg5 17. f4 Qh6 18. Qf3 h3 19. g3 Bd7 20. Bc2 O-O-O 21. a4 Kb8 22.
a5 Nc8 23. Ba4 f5 24. Rfb1 Bxa4 25. Rxa4 exf4 26. exf4 Rde8 27. Nf1 Re4 28. Ra2
Rhe8 29. Rab2 R8e7 30. Qd1 Qg7 31. Qd3 Ka8 32. Kh1 Qf7 33. Bg1 Qh5 34. Qf3 Nf6
35. Qxh5 Nxh5 36. Kh2 Nf6 37. Kxh3 Ng4 38. Nh2 Rh7+ 39. Kg2 Rxc4 40. Nxg4 fxg4
41. Re1 Kb8 42. Re8 Rg7 43. f5 Rf7 44. Be3 Rxf5 45. Bf4 Rxd5 46. Rg8 Re4 47.
Rxg4 Kc7 48. Rg7+ Re7 49. Rg8 Rd3 50. g4 Rxc3 51. g5 Re4 52. Rf2 Ne7 53. Rg7
Kc6 54. Bd2 Rd3 55. Kf1 b5 56. Re2 Rf3+ 57. Ke1 Rxe2+ 58. Kxe2 Nf5 59. Rxa7
Nd4+ 60. Ke1 b4 61. g6 Rg3 62. g7 Nf5 63. Rf7 Nxg7 64. a6 Ne6 65. a7 Ra3 0-1